MARC details
| 000 -CABECERA |
| campo de control de longitud fija |
01582nam a2200265 a 4500 |
| 001 - NÚMERO DE CONTROL |
| campo de control |
000021575 |
| 003 - IDENTIFICADOR DEL NÚMERO DE CONTROL |
| campo de control |
DO-SdBNP |
| 005 - FECHA Y HORA DE LA ÚLTIMA TRANSACCIÓN |
| campo de control |
20250506100219.0 |
| 008 - DATOS DE LONGITUD FIJA--INFORMACIÓN GENERAL |
| campo de control de longitud fija |
100909s1999 dr 001 0 spa d |
| 020 ## - NÚMERO INTERNACIONAL ESTÁNDAR DEL LIBRO |
| Número Internacional Estándar del Libro |
8460586227 |
| 040 ## - FUENTE DE LA CATALOGACIÓN |
| Centro catalogador/agencia de origen |
DO-SdBNP |
| Lengua de catalogación |
spa |
| Centro/agencia transcriptor |
BNPHU |
| 082 ## - NÚMERO DE LA CLASIFICACIÓN DECIMAL DEWEY |
| Número de clasificación |
972.93053 |
| Número de documento/Ítem |
A451u |
| 100 1# - ENTRADA PRINCIPAL--NOMBRE DE PERSONA |
| Nombre de persona |
Almoina, José, |
| Fechas asociadas al nombre |
1903-1960 |
| 9 (RLIN) |
1865 |
| 245 14 - MENCIÓN DE TÍTULO |
| Título |
Una satrapía en el Caribe : |
| Resto del título |
historia puntual de la mala vida del déspota Rafael Leónidas Trujillo / |
| Mención de responsabilidad, etc. |
José Almoina. |
| 260 ## - PUBLICACIÓN, DISTRIBUCIÓN, ETC. |
| Lugar de publicación, distribución, etc. |
Santo Domingo : |
| Nombre del editor, distribuidor, etc. |
Cole, |
| Fecha de publicación, distribución, etc. |
1999. |
| 300 ## - DESCRIPCIÓN FÍSICA |
| Extensión |
294 p. ; |
| Dimensiones |
22 cm. |
| 500 ## - NOTA GENERAL |
| Nota general |
Incluye índice onomástico |
| 504 ## - NOTA DE BIBLIOGRAFÍA, ETC. |
| Nota de bibliografía, etc. |
Incluye referencias bibliográficas y notas al pie de las páginas |
| 505 0# - NOTA DE CONTENIDO CON FORMATO |
| Título |
Presentación a la edición dominicana -- |
| -- |
Aclaración importante -- |
| -- |
Dedicatoria -- |
| -- |
Advertencia indispensable -- |
| -- |
La familia de los Trujillo -- |
| -- |
La familia de Chapita -- |
| -- |
Los que rodean al sátrapa: alcahuetes, bufones, lacayos y aduladores -- |
| -- |
Tretas de que se valió el megalomanaco Trujillo para captar el poder -- |
| -- |
¿Cómo se sostiene el sátrapa? -- |
| -- |
La ferocidad más que neroniana del mulato Chapita -- |
| -- |
Inexistencia de los poderes Legislativo y Judicial y trasiegos burocráticos -- |
| -- |
Un régimen monopolista -- |
| -- |
La política internacional del tirano -- |
| -- |
Documentos y noticias corroborantes. |
| -- |
Índice onomástico. |
| 590 ## - NOTA LOCAL (RLIN) |
| Nota local |
Inventariado, 2019/ YL |
| 600 14 - PUNTO DE ACCESO ADICIONAL DE MATERIA--NOMBRE DE PERSONA |
| Nombre de persona |
Trujillo Molina, Rafael Leónidas, |
| Fechas asociadas al nombre |
1891-1961 |
| 651 #4 - PUNTO DE ACCESO ADICIONAL DE MATERIA--NOMBRE GEOGRÁFICO |
| Nombre geográfico |
República Dominicana |
| Subdivisión general |
Política y gobierno |
| Subdivisión cronológica |
Era de Trujillo, 1930-1961 |
| 9 (RLIN) |
1374 |
| 910 ## - DATOS DE OPCIÓN DEL USUARIO (OCLC) |
| Datos de opción del usuario |
Validado. Control de calidad MMOLINA |
| 942 ## - ELEMENTOS DE PUNTO DE ACCESO ADICIONAL (KOHA) |
| Fuente del sistema de clasificación o colocación |
Dewey Decimal Classification |
| Tipo de ítem Koha |
Libro |